Statistics for The Tower of London

Click here to take the quiz!

General Stats

  • This quiz has been taken 56 times
  • The average score is 10 of 14

Answer Stats

Hint Answer % Correct
What river runs alongside the Tower?Thames
97%
These royal treasures are the most popular tourist attraction at the Tower.Crown Jewels
97%
What Norman king began work on the Tower?William the Conqueror
92%
What birds are kept in perpetuity at the Tower based on the superstition that should they leave the Tower and the monarchy would fall?ravens
92%
The guards of the Tower are known as the ___________ ___________.Yeoman Warders
92%
In what century was work on the Tower begun?11th
84%
The ghost of this wife of Henry VIII is said to haunt the chapel of St Peter ad Vincula where she is buried.Anne Boleyn
82%
The ___________ Gate was built to allow prisoners to be brought by boat to the Tower.Traitors'
79%
The innermost "keep" is known as the _________ _________.White Tower
68%
Legend has it that this English king had the two "Princes of the Tower" murdered to secure his claim to the throne.Richard III
61%
Executions were most comonly held at a location outside the Tower known as _________ _______.Tower Hill
53%
This Depuy Chancellor of Nazi Germany was imprisoned in the Tower after escaping Germany during the Second World War.Rudolf Hess
39%
The courtyard sections of the Tower are formally refered to as _________.wards
8%
In the absence of the monarch the Tower falls under the charge of the ____________ of the Tower.Constable
5%

Score Distribution

Percentile by Number Answered

Percent of People with Each Score

Your Score History

You have not taken this quiz